Floodplain vegetation mosaics in western Amazonia (Registro nro. 9990)

Detalles MARC
000 -CABECERA
Campo de control 005670000a22001810004500
090 ## - CLASIFICACIÓN LOCAL
Colección AR
Consecutivo 00902
041 0# - IDIOMA
Código de idioma para texto/pista de sonido o título separado
100 1# - ASIENTO PRINCIPAL--NOMBRE PERSONAL
Nombre personal Puhakka, Maarit
245 10 - MENCION DE TITULO
Título Floodplain vegetation mosaics in western Amazonia
650 14 - ASIENTO SECUNDARIO DE MATERIA - TERMINO TEMATICO
Término temático o nombre geográfico como elemento de entrada Ecología del paisaje
650 14 - ASIENTO SECUNDARIO DE MATERIA - TERMINO TEMATICO
Término temático o nombre geográfico como elemento de entrada Mosaicos de vegetación
650 14 - ASIENTO SECUNDARIO DE MATERIA - TERMINO TEMATICO
Término temático o nombre geográfico como elemento de entrada Planicies de inundación
650 14 - ASIENTO SECUNDARIO DE MATERIA - TERMINO TEMATICO
Término temático o nombre geográfico como elemento de entrada Biodiversidad
651 #4 - ASIENTO SECUNDARIO DE MATERIA - NOMBRE GEOGRAFICO
-- Río Ucayali, Río Madre de Dios
-- Perú
700 1# - ASIENTO SECUNDARIO - NOMBRE PERSONAL
Nombre personal Kalliola, Risto
773 1# - Item fuente:
Título Biogeographica
Especificación de materiales 325
Descripción física 1
Paginas del Articulo 1-14
Lugar, editorial y fecha de publicación 1995
Información sobre la relación 71
942 ## - ELEMENTOS ADICIONALES (KOHA)
Tipo de ítem Artículo
Existencias
Withdrawn status Lost status Damaged status No para préstamo Colección Ubicación Permanente Ubicación actual Fecha de adquisición Fuente de Valor Datos de publicación Seriada Total Checkouts Número topográfico Inventario / Código de Barras Date last seen Ejemplar Price effective from Forma de adquisición Tipo de material
      No para Préstamo Hemeroteca Bogotá Bogotá 27/02/2015 Muñoz Saba, Yaneth Fuera de circulación   AR 00902 011195 25/03/2015 1 25/03/2015   Artículo